000 00924nam a2200217Ia 4500
001 11307
003 GE_BSU
008 181216s||||||||xx |||||||||||||| ||und||
040 _cGE_BSU
100 _aგოგოლაძე ალ.
245 _aხეების და ბუჩქების სარკვევი
245 _bსახელმძღვ. საქ–ს სას–სამ. ინ–ტის სატყეო–სამეურნეო ფაკ–ტის სტუდენტთათვის
245 _cრედ: დ. სალუქვაძე
260 _aთბილისი
260 _bცოდნა
260 _c1964
300 _a260გვ.23სმ.
300 _eტაბულები გვ. 148 საძიებლები გვ. 255–258
653 _aხეების და ბუჩქების სარკვევი
942 _cBK
999 _c44509
_d44509